000 00932nam a2200289 i 4500
003 EG-GICUC
005 20260423104450.0
008 260423s1938 fr ||||fr|||| 00| 0 fre d
040 _aEG-GiCUC
_bfre
_cEG-GiCUC
_dEG-GiCUC
_eRda
082 0 4 _221
_a343.411
_bRO . D
092 0 4 _221
099 _aLaw1 10 343.411 RO . D 1938
100 1 _aRousselet,Marcel
_eAuteur
245 _aDélits Et Sanctions Dans Les Sociétés Par Actions/
_cMarcel Rousselet.
264 1 _aParis:
_bLibrairie Du Recueil Sirey ,
_c1938.
300 _a496 page ;
_c 24 cm.
336 _2rda contenu
_a texte
337 _2rda medias
_aOrdinateur
338 _2 transporteur rda
_a Ressource en ligne
546 _aTexte en français
650 1 _aDroit Pénal
650 1 _aCode Pénal économique
700 1 _aPatin,Maurice
_eAuteur
856 4 0 _uhttps://fll.law.cu.edu.eg/fulltext/bks/B10-10714.pdf
905 _a59
942 _2ddc
_n0
_cBK
_e21
999 _c72973
_d72973